[Event "World Youth & Cadets Blitz Championships"]
[Site "Rhodes, Greece"]
[Date "2022.05.03"]
[Round "3.41"]
[White "Onipko, Kateryna"]
[Black "Alessi, Clio"]
[Result "1-0"]
[TimeControl "5'/game & 2\"/move"]
[WhiteElo "1439"]
[BlackElo "1429"]

1. d4 {[%clk 00:05:03]} d5 {[%clk 00:05:03]} {[%emt 00:00:01]} 2. c4 {[%clk
00:05:04]} {[%emt 00:00:01]} e5 {[%clk 00:05:05]} 3. dxe5 {[%clk 00:05:04]}
{[%emt 00:00:03]} d4 {[%clk 00:05:07]} 4. Nf3 {[%clk 00:05:03]} {[%emt
00:00:03]} Nc6 {[%clk 00:05:08]} {[%emt 00:00:01]} 5. a3 {[%clk 00:05:02]}
{[%emt 00:00:03]} Nge7 {[%clk 00:05:09]} {[%emt 00:00:01]} 6. Bf4 {[%clk
00:05:02]} {[%emt 00:00:02]} Ng6 {[%clk 00:05:09]} {[%emt 00:00:01]} 7. Bg3
{[%clk 00:05:02]} {[%emt 00:00:02]} Bg4 {[%clk 00:05:03]} {[%emt 00:00:08]} 8.
Nbd2 {[%clk 00:04:59]} {[%emt 00:00:06]} Be7 {[%clk 00:05:00]} {[%emt
00:00:05]} 9. h3 {[%clk 00:04:54]} {[%emt 00:00:07]} Be6 {[%clk 00:04:53]}
{[%emt 00:00:05]} 10. Qc2 {[%clk 00:04:29]} {[%emt 00:00:31]} O-O {[%clk
00:04:45]} {[%emt 00:00:10]} 11. Nb3 {[%clk 00:04:25]} {[%emt 00:00:06]} Qd7
{[%clk 00:04:32]} {[%emt 00:00:15]} 12. Rd1 {[%clk 00:04:24]} {[%emt 00:00:03]}
Rfd8 {[%clk 00:04:29]} {[%emt 00:00:05]} 13. Nbxd4 {[%clk 00:04:19]} {[%emt
00:00:08]} Nxd4 {[%clk 00:04:09]} {[%emt 00:00:21]} 14. Rxd4 {[%clk 00:04:11]}
{[%emt 00:00:09]} Qc6 {[%clk 00:04:06]} {[%emt 00:00:03]} 15. e3 {[%clk
00:04:04]} {[%emt 00:00:13]} Rxd4 {[%clk 00:03:54]} {[%emt 00:00:13]} 16. exd4
{[%clk 00:04:04]} {[%emt 00:00:02]} Qb6 {[%clk 00:03:32]} {[%emt 00:00:22]} 17.
Bd3 {[%clk 00:03:54]} {[%emt 00:00:14]} Rd8 {[%clk 00:03:19]} {[%emt 00:00:15]}
18. Qc3 {[%clk 00:03:45]} {[%emt 00:00:11]} c5 {[%clk 00:03:04]} {[%emt
00:00:17]} 19. d5 {[%clk 00:03:42]} {[%emt 00:00:05]} Bd7 {[%clk 00:02:59]}
{[%emt 00:00:05]} 20. Qc2 {[%clk 00:03:30]} {[%emt 00:00:15]} Qa6 {[%clk
00:02:51]} {[%emt 00:00:10]} 21. O-O {[%clk 00:03:21]} {[%emt 00:00:11]} b5
{[%clk 00:02:26]} {[%emt 00:00:27]} 22. Rc1 {[%clk 00:03:09]} {[%emt 00:00:15]}
Rc8 {[%clk 00:02:14]} {[%emt 00:00:14]} 23. Bf5 {[%clk 00:02:55]} {[%emt
00:00:16]} Bxf5 {[%clk 00:02:05]} {[%emt 00:00:12]} 24. Qxf5 {[%clk 00:02:53]}
{[%emt 00:00:03]} bxc4 {[%clk 00:01:54]} {[%emt 00:00:13]} 25. Rxc4 {[%clk
00:02:53]} {[%emt 00:00:02]} Rb8 {[%clk 00:01:53]} {[%emt 00:00:03]} 26. Rc2
{[%clk 00:02:47]} {[%emt 00:00:08]} Qa4 {[%clk 00:01:36]} {[%emt 00:00:17]} 27.
e6 {[%clk 00:02:39]} {[%emt 00:00:12]} Rf8 {[%clk 00:01:01]} {[%emt 00:00:31]}
28. Re2 {[%clk 00:02:31]} {[%emt 00:00:16]} Nh4 {[%clk 00:00:25]} {[%emt
00:00:35]} 29. Bxh4 {[%clk 00:02:08]} {[%emt 00:00:28]} Bxh4 {[%clk 00:00:23]}
{[%emt 00:00:04]} 30. exf7+ {[%clk 00:01:56]} {[%emt 00:00:14]} Kh8 {[%clk
00:00:19]} {[%emt 00:00:06]} 31. Qe4 {[%clk 00:01:37]} {[%emt 00:00:21]} Qxe4
{[%clk 00:00:16]} {[%emt 00:00:05]} 32. Rxe4 {[%clk 00:01:36]} {[%emt
00:00:03]} Bf6 {[%clk 00:00:13]} 33. Re8 {[%clk 00:01:34]} {[%emt 00:00:09]} h6
{[%clk 00:00:07]} {[%emt 00:00:08]} 34. Rxf8+ {[%clk 00:01:34]} {[%emt
00:00:03]} Kh7 {[%clk 00:00:09]} 35. Ra8 {[%clk 00:01:33]} {[%emt 00:00:02]}
Bxb2 {[%clk 00:00:09]} {[%emt 00:00:01]} 36. f8=Q {[%clk 00:01:33]} {[%emt
00:00:03]} Bd4 {[%clk 00:00:09]} {[%emt 00:00:02]} 37. Qf5+ {[%clk 00:01:32]}
{[%emt 00:00:03]} g6 {[%clk 00:00:09]} {[%emt 00:00:02]} 38. Rxa7+ {[%clk
00:01:32]} {[%emt 00:00:02]} Bg7 {[%clk 00:00:09]} {[%emt 00:00:02]} 39. Qf7
{[%clk 00:01:33]} {[%emt 00:00:02]} h5 {[%clk 00:00:10]} {[%emt 00:00:01]} 40.
Qxg7# {[%clk 00:01:33]} {[%emt 00:00:01]} 1-0

[Event "World Youth & Cadets Blitz Championships"]
[Site "Rhodes, Greece"]
[Date "2022.05.03"]
[Round "3.42"]
[White "Berezovskaya, Arina"]
[Black "Rzadkowska, Kaja"]
[Result "0-1"]
[TimeControl "5'/game & 2\"/move"]
[WhiteElo "1310"]
[BlackElo "1190"]

1. e4 {[%clk 00:05:03]} c5 {[%clk 00:05:03]} {[%emt 00:00:02]} 2. Nf3 {[%clk
00:05:03]} {[%emt 00:00:03]} e6 {[%clk 00:05:03]} {[%emt 00:00:01]} 3. c3
{[%clk 00:04:59]} {[%emt 00:00:05]} Nf6 {[%clk 00:04:55]} {[%emt 00:00:10]} 4.
e5 {[%clk 00:04:46]} {[%emt 00:00:15]} Nd5 {[%clk 00:04:55]} {[%emt 00:00:02]}
5. d4 {[%clk 00:04:41]} {[%emt 00:00:07]} cxd4 {[%clk 00:04:55]} {[%emt
00:00:02]} 6. cxd4 {[%clk 00:04:41]} {[%emt 00:00:02]} Nc6 {[%clk 00:04:52]}
{[%emt 00:00:05]} 7. Nc3 {[%clk 00:04:26]} {[%emt 00:00:16]} d6 {[%clk
00:04:48]} {[%emt 00:00:07]} 8. Nxd5 {[%clk 00:04:05]} {[%emt 00:00:23]} exd5
{[%clk 00:04:46]} {[%emt 00:00:03]} 9. exd6 {[%clk 00:03:29]} {[%emt 00:00:39]}
Bxd6 {[%clk 00:04:44]} {[%emt 00:00:03]} 10. Be3 {[%clk 00:03:06]} {[%emt
00:00:26]} O-O {[%clk 00:04:38]} {[%emt 00:00:08]} 11. Bd3 {[%clk 00:02:55]}
{[%emt 00:00:14]} Qa5+ {[%clk 00:04:25]} {[%emt 00:00:14]} 12. Bd2 {[%clk
00:02:19]} {[%emt 00:00:38]} Bb4 {[%clk 00:03:53]} {[%emt 00:00:33]} 13. Bxb4
{[%clk 00:01:49]} {[%emt 00:00:33]} Qxb4+ {[%clk 00:03:20]} {[%emt 00:00:35]}
14. Qd2 {[%clk 00:01:44]} {[%emt 00:00:07]} Re8+ {[%clk 00:02:40]} {[%emt
00:00:42]} 15. Be2 {[%clk 00:01:27]} {[%emt 00:00:18]} Bg4 {[%clk 00:01:51]}
{[%emt 00:00:52]} 16. Qxb4 {[%clk 00:00:57]} {[%emt 00:00:32]} Nxb4 {[%clk
00:01:50]} {[%emt 00:00:03]} 17. Kd2 {[%clk 00:00:38]} {[%emt 00:00:20]} Rac8
{[%clk 00:01:43]} {[%emt 00:00:09]} 18. Rac1 {[%clk 00:00:22]} {[%emt
00:00:18]} Nxa2 {[%clk 00:00:54]} {[%emt 00:00:52]} 19. Rxc8 {[%clk 00:00:16]}
{[%emt 00:00:08]} Rxc8 {[%clk 00:00:51]} {[%emt 00:00:04]} 20. Ra1 {[%clk
00:00:11]} {[%emt 00:00:08]} Nb4 {[%clk 00:00:42]} {[%emt 00:00:11]} 21. Rxa7
{[%clk 00:00:07]} {[%emt 00:00:06]} Rb8 {[%clk 00:00:30]} {[%emt 00:00:14]} 22.
Ke3 {[%clk 00:00:06]} {[%emt 00:00:03]} Nc6 {[%clk 00:00:28]} {[%emt 00:00:04]}
23. h3 {[%clk 00:00:07]} Bxf3 {[%clk 00:00:16]} {[%emt 00:00:14]} 24. Bxf3
{[%clk 00:00:06]} {[%emt 00:00:02]} Nxa7 {[%clk 00:00:17]} {[%emt 00:00:02]} 25.
Bxd5 {[%clk 00:00:06]} {[%emt 00:00:02]} Rd8 {[%clk 00:00:17]} {[%emt
00:00:01]} 26. Bxb7 {[%clk 00:00:07]} {[%emt 00:00:02]} Nc8 {[%clk 00:00:18]}
{[%emt 00:00:02]} 27. Bxc8 {[%clk 00:00:06]} {[%emt 00:00:02]} Rxc8 {[%clk
00:00:18]} 28. Kd3 {[%clk 00:00:07]} {[%emt 00:00:02]} Rb8 {[%clk 00:00:19]}
{[%emt 00:00:01]} 29. Kc3 {[%clk 00:00:07]} {[%emt 00:00:02]} Rc8+ {[%clk
00:00:20]} {[%emt 00:00:01]} 30. Kd3 {[%clk 00:00:08]} {[%emt 00:00:01]} Rc7
{[%clk 00:00:20]} {[%emt 00:00:01]} 31. b4 {[%clk 00:00:09]} {[%emt 00:00:02]}
Rb7 {[%clk 00:00:20]} {[%emt 00:00:03]} 32. Kc4 {[%clk 00:00:10]} {[%emt
00:00:01]} Kf8 {[%clk 00:00:21]} 33. b5 {[%clk 00:00:10]} {[%emt 00:00:01]} Ke8
{[%clk 00:00:21]} {[%emt 00:00:02]} 34. Kc5 {[%clk 00:00:11]} Kd7 {[%clk
00:00:21]} {[%emt 00:00:02]} 35. b6 {[%clk 00:00:11]} {[%emt 00:00:03]} f6
{[%clk 00:00:21]} {[%emt 00:00:01]} 36. d5 {[%clk 00:00:10]} {[%emt 00:00:03]}
g6 {[%clk 00:00:19]} {[%emt 00:00:04]} 37. d6 {[%clk 00:00:07]} {[%emt
00:00:05]} h6 {[%clk 00:00:19]} {[%emt 00:00:02]} 38. g4 {[%clk 00:00:07]}
{[%emt 00:00:02]} f5 {[%clk 00:00:13]} {[%emt 00:00:08]} 39. gxf5 {[%clk
00:00:06]} {[%emt 00:00:03]} gxf5 {[%clk 00:00:13]} {[%emt 00:00:01]} 40. f4
{[%clk 00:00:07]} {[%emt 00:00:01]} Rb8 {[%clk 00:00:13]} {[%emt 00:00:03]} 41.
h4 {[%clk 00:00:05]} {[%emt 00:00:03]} h5 {[%clk 00:00:13]} {[%emt 00:00:02]}
42. Kd5 {[%clk 00:00:05]} {[%emt 00:00:02]} Rxb6 {[%clk 00:00:13]} {[%emt
00:00:02]} 43. Ke5 {[%clk 00:00:06]} {[%emt 00:00:01]} Rxd6 {[%clk 00:00:12]}
{[%emt 00:00:04]} 44. Kxf5 {[%clk 00:00:07]} {[%emt 00:00:01]} Ke7 {[%clk
00:00:10]} {[%emt 00:00:04]} 45. Kg5 {[%clk 00:00:08]} {[%emt 00:00:02]} Rd5+
{[%clk 00:00:09]} {[%emt 00:00:02]} 46. f5 {[%clk 00:00:08]} {[%emt 00:00:01]}
Kf7 {[%clk 00:00:09]} {[%emt 00:00:03]} 47. Kxh5 {[%clk 00:00:06]} {[%emt
00:00:04]} Rxf5+ {[%clk 00:00:09]} {[%emt 00:00:01]} 48. Kg4 {[%clk 00:00:07]}
{[%emt 00:00:02]} Rd5 {[%clk 00:00:09]} {[%emt 00:00:02]} 49. Kf4 {[%clk
00:00:05]} {[%emt 00:00:04]} Kg6 {[%clk 00:00:08]} {[%emt 00:00:03]} 50. Kg4
{[%clk 00:00:05]} {[%emt 00:00:02]} Rd4+ {[%clk 00:00:08]} {[%emt 00:00:01]} 51.
Kg3 {[%clk 00:00:06]} {[%emt 00:00:01]} Kh5 {[%clk 00:00:09]} {[%emt 00:00:02]}
52. Kf3 {[%clk 00:00:06]} {[%emt 00:00:02]} Kxh4 {[%clk 00:00:07]} {[%emt
00:00:03]} 53. Ke3 {[%clk 00:00:07]} {[%emt 00:00:01]} Rd8 {[%clk 00:00:08]}
{[%emt 00:00:02]} 54. Ke4 {[%clk 00:00:09]} Kg4 {[%emt 00:00:02]} 55. Ke5
{[%clk 00:00:10]} Re8+ {[%clk 00:00:09]} 56. Kd5 {[%clk 00:00:11]} Kf4 {[%clk
00:00:10]} {[%emt 00:00:01]} 57. Kd4 {[%clk 00:00:12]} Rd8+ {[%clk 00:00:10]}
{[%emt 00:00:01]} 58. Kc5 {[%clk 00:00:13]} {[%emt 00:00:02]} Ke5 {[%clk
00:00:11]} {[%emt 00:00:01]} 59. Kc4 {[%clk 00:00:14]} {[%emt 00:00:02]} Rd7
{[%clk 00:00:10]} {[%emt 00:00:02]} 60. Kc3 {[%clk 00:00:13]} {[%emt 00:00:03]}
0-1

[Event "World Youth & Cadets Blitz Championships"]
[Site "Rhodes, Greece"]
[Date "2022.05.03"]
[Round "3.44"]
[White "Gawerska, Karolina"]
[Black "Kos, Maja"]
[Result "1/2-1/2"]
[TimeControl "5'/game & 2\"/move"]
[WhiteElo "1035"]
[BlackElo "1091"]

1. d4 {[%clk 00:05:02]} {[%emt 00:00:02]} d5 {[%clk 00:05:03]} 2. c4 {[%clk
00:05:02]} {[%emt 00:00:02]} dxc4 {[%emt 00:00:03]} 3. e4 {[%clk 00:05:01]}
{[%emt 00:00:02]} e6 {[%clk 00:05:03]} {[%emt 00:00:02]} 4. Bxc4 {[%clk
00:05:00]} {[%emt 00:00:03]} c6 {[%clk 00:04:54]} {[%emt 00:00:10]} 5. Nf3
{[%clk 00:04:58]} {[%emt 00:00:03]} g6 {[%clk 00:04:50]} {[%emt 00:00:07]} 6.
O-O {[%clk 00:04:57]} {[%emt 00:00:03]} Bg7 {[%clk 00:04:51]} {[%emt 00:00:02]}
7. Be3 {[%clk 00:04:57]} {[%emt 00:00:02]} Ne7 {[%clk 00:04:51]} {[%emt
00:00:02]} 8. Nc3 {[%clk 00:04:56]} {[%emt 00:00:03]} O-O {[%clk 00:04:50]}
{[%emt 00:00:03]} 9. e5 {[%clk 00:04:47]} {[%emt 00:00:12]} b5 {[%clk
00:04:46]} {[%emt 00:00:05]} 10. Be2 {[%clk 00:04:46]} {[%emt 00:00:03]} Bb7
{[%clk 00:04:46]} {[%emt 00:00:03]} 11. Bg5 {[%clk 00:04:40]} {[%emt 00:00:07]}
Nd7 {[%clk 00:04:44]} {[%emt 00:00:05]} 12. Bd3 {[%clk 00:04:37]} {[%emt
00:00:05]} Re8 {[%clk 00:04:31]} {[%emt 00:00:15]} 13. Ne4 {[%clk 00:04:18]}
{[%emt 00:00:20]} Kh8 {[%clk 00:04:15]} {[%emt 00:00:18]} 14. Nd6 {[%clk
00:04:12]} {[%emt 00:00:09]} Rf8 {[%clk 00:03:41]} {[%emt 00:00:36]} 15. Nxb7
{[%clk 00:04:09]} {[%emt 00:00:05]} Qc7 {[%clk 00:03:37]} {[%emt 00:00:05]} 16.
Bxe7 {[%clk 00:04:05]} {[%emt 00:00:06]} Rfe8 {[%clk 00:03:36]} {[%emt
00:00:03]} 17. Bd6 {[%clk 00:03:58]} {[%emt 00:00:10]} Qxb7 {[%clk 00:03:34]}
{[%emt 00:00:03]} 18. Be4 {[%clk 00:03:51]} {[%emt 00:00:10]} a6 {[%clk
00:03:02]} {[%emt 00:00:34]} 19. Rc1 {[%clk 00:03:50]} {[%emt 00:00:02]} Rac8
{[%clk 00:03:00]} {[%emt 00:00:04]} 20. Qc2 {[%clk 00:03:45]} {[%emt 00:00:07]}
Qa8 {[%clk 00:02:35]} {[%emt 00:00:28]} 21. Bxc6 {[%clk 00:03:40]} {[%emt
00:00:06]} Qa7 {[%clk 00:02:34]} {[%emt 00:00:05]} 22. Qb3 {[%clk 00:03:12]}
{[%emt 00:00:30]} Red8 {[%clk 00:02:06]} {[%emt 00:00:29]} 23. Bxd7 {[%clk
00:03:07]} {[%emt 00:00:08]} Rxc1 {[%clk 00:01:51]} {[%emt 00:00:17]} 24. Rxc1
{[%clk 00:03:04]} {[%emt 00:00:04]} Qxd7 {[%clk 00:01:51]} {[%emt 00:00:02]} 25.
Rc7 {[%clk 00:02:46]} {[%emt 00:00:20]} Qe8 {[%clk 00:01:40]} {[%emt 00:00:14]}
26. Ng5 {[%clk 00:02:40]} {[%emt 00:00:08]} Rc8 {[%clk 00:01:30]} {[%emt
00:00:12]} 27. Nxf7+ {[%clk 00:02:28]} {[%emt 00:00:13]} Kg8 {[%clk 00:01:26]}
{[%emt 00:00:05]} 28. Rxc8 {[%clk 00:02:09]} {[%emt 00:00:22]} Qxc8 {[%clk
00:01:26]} {[%emt 00:00:02]} 29. h3 {[%clk 00:01:46]} {[%emt 00:00:26]} Qc1+
{[%clk 00:01:14]} {[%emt 00:00:14]} 30. Kh2 {[%clk 00:01:46]} {[%emt 00:00:02]}
Qf4+ {[%clk 00:01:11]} {[%emt 00:00:04]} 31. Kg1 {[%clk 00:01:34]} {[%emt
00:00:15]} Qxf7 {[%clk 00:01:09]} {[%emt 00:00:04]} 32. Qc3 {[%clk 00:01:27]}
{[%emt 00:00:09]} h6 {[%clk 00:01:02]} {[%emt 00:00:09]} 33. Qc8+ {[%clk
00:01:16]} {[%emt 00:00:13]} Kh7 {[%emt 00:00:05]} 34. Qxa6 {[%clk 00:01:14]}
{[%emt 00:00:01]} Qf4 {[%clk 00:00:52]} {[%emt 00:00:11]} 35. Qxb5 {[%clk
00:01:05]} {[%emt 00:00:11]} Qxd4 {[%clk 00:00:49]} {[%emt 00:00:05]} 36. Qd7
{[%clk 00:00:56]} {[%emt 00:00:11]} h5 {[%clk 00:00:36]} {[%emt 00:00:15]} 37.
Qc6 {[%clk 00:00:28]} {[%emt 00:00:43]} Qd1+ {[%clk 00:00:34]} {[%emt
00:00:04]} 38. Kh2 {[%clk 00:00:28]} {[%emt 00:00:02]} Qd2 {[%clk 00:00:26]}
{[%emt 00:00:08]} 39. f3 {[%clk 00:00:21]} {[%emt 00:00:11]} Qf4+ {[%clk
00:00:24]} {[%emt 00:00:03]} 40. Kg1 {[%clk 00:00:16]} {[%emt 00:00:07]} Qe3+
{[%clk 00:00:24]} {[%emt 00:00:02]} 41. Kh2 {[%clk 00:00:16]} {[%emt 00:00:03]}
Qf4+ {[%clk 00:00:24]} {[%emt 00:00:02]} 42. g3 {[%clk 00:00:17]} Qd2+ {[%clk
00:00:25]} {[%emt 00:00:01]} 43. Kg1 {[%clk 00:00:14]} {[%emt 00:00:05]} Qe1+
{[%clk 00:00:22]} {[%emt 00:00:04]} 44. Kg2 {[%clk 00:00:14]} {[%emt 00:00:03]}
Qe2+ {[%clk 00:00:21]} {[%emt 00:00:03]} 45. Kg1 {[%clk 00:00:08]} {[%emt
00:00:07]} Qe1+ {[%clk 00:00:17]} {[%emt 00:00:07]} 46. Kg2 {[%clk 00:00:09]}
Qe2+ {[%clk 00:00:18]} 47. Kg1 {[%clk 00:00:09]} {[%emt 00:00:02]} Qe1+ {[%clk
00:00:20]} 48. Kg2 {[%clk 00:00:10]} {[%emt 00:00:01]} Qe2+ {[%emt 00:00:56]}
49. Kg1 {[%emt 00:00:02]} Qe1+ 50. Kg2 Qe2+ {[%emt 00:01:20]} 51. Kg1 {[%emt
00:00:02]} Qe1+ 52. Kg2 {[%clk 00:00:09]} Qe2+ {[%clk 00:00:21]} 53. Kg1 {[%clk
00:00:09]} {[%emt 00:00:48]} Qe1+ {[%clk 00:00:22]} {[%emt 00:00:02]} 54. Kg2
{[%clk 00:00:10]} Qe2+ {[%clk 00:00:23]} 55. Kg1 {[%clk 00:00:11]} Qe1+ {[%clk
00:00:24]} 56. Kg2 {[%clk 00:00:12]} Qe2+ {[%clk 00:00:25]} 57. Kg1 {[%clk
00:00:13]} Qe1+ {[%clk 00:00:26]} {[%emt 00:00:02]} 58. Kh2 {[%clk 00:00:14]}
Qf2+ {[%clk 00:00:25]} {[%emt 00:00:03]} 59. Kh1 {[%clk 00:00:14]} {[%emt
00:00:01]} Qf1+ {[%clk 00:00:26]} {[%emt 00:00:01]} 60. Kh2 {[%clk 00:00:15]}
Qf2+ {[%clk 00:00:27]} {[%emt 00:00:02]} 61. Kh1 {[%clk 00:00:16]} Qf1+ {[%clk
00:00:27]} {[%emt 00:00:02]} 62. Kh2 {[%clk 00:00:16]} Qf2+ {[%clk 00:00:28]}
63. Kh1 {[%clk 00:00:17]} {[%emt 00:00:02]} Qf1+ {[%clk 00:00:29]} {[%emt
00:00:01]} 64. Kh2 {[%clk 00:00:18]} Qf2+ {[%clk 00:00:29]} {[%emt 00:00:03]}
65. Kh1 {[%clk 00:00:19]} Qf1+ {[%clk 00:00:29]} {[%emt 00:00:02]} 66. Kh2
{[%clk 00:00:18]} {[%emt 00:00:01]} 1/2-1/2

[Event "World Youth & Cadets Blitz Championships"]
[Site "Rhodes, Greece"]
[Date "2022.05.03"]
[Round "4.1"]
[White "Can, Isik"]
[Black "Nogerbek, Kazybek"]
[Result "1-0"]
[TimeControl "5'/game & 2\"/move"]
[WhiteElo "2130"]
[BlackElo "2441"]

1. e4 {[%clk 00:05:02]} {[%emt 00:00:02]} Nc6 {[%clk 00:05:03]} {[%emt
00:00:01]} 2. Nc3 {[%clk 00:05:02]} {[%emt 00:00:02]} Nf6 {[%clk 00:05:03]}
{[%emt 00:00:02]} 3. d4 {[%clk 00:05:01]} {[%emt 00:00:03]} d6 {[%clk
00:04:50]} {[%emt 00:00:15]} 4. d5 {[%clk 00:04:51]} {[%emt 00:00:12]} Nb8
{[%clk 00:04:49]} {[%emt 00:00:02]} 5. h3 {[%clk 00:04:52]} {[%emt 00:00:02]}
g6 {[%clk 00:04:50]} {[%emt 00:00:01]} 6. g4 {[%clk 00:04:42]} {[%emt
00:00:12]} Bg7 {[%clk 00:04:48]} {[%emt 00:00:04]} 7. Bg2 {[%clk 00:04:35]}
{[%emt 00:00:09]} c6 {[%clk 00:04:48]} {[%emt 00:00:02]} 8. Nge2 {[%clk
00:04:31]} {[%emt 00:00:06]} O-O {[%clk 00:03:18]} {[%emt 00:01:32]} 9. Be3
{[%clk 00:04:19]} {[%emt 00:00:14]} Nbd7 {[%clk 00:03:06]} {[%emt 00:00:14]} 10.
g5 {[%clk 00:04:06]} {[%emt 00:00:14]} Ne8 {[%clk 00:03:00]} {[%emt 00:00:09]}
11. f4 {[%clk 00:04:00]} {[%emt 00:00:08]} Nc7 {[%clk 00:02:33]} {[%emt
00:00:29]} 12. Bd4 {[%clk 00:03:34]} {[%emt 00:00:29]} cxd5 {[%clk 00:02:17]}
{[%emt 00:00:17]} 13. Bxg7 {[%clk 00:03:23]} {[%emt 00:00:12]} Kxg7 {[%clk
00:02:18]} {[%emt 00:00:02]} 14. exd5 {[%clk 00:03:24]} b5 {[%clk 00:01:44]}
{[%emt 00:00:37]} 15. Qd4+ {[%clk 00:03:21]} {[%emt 00:00:04]} Kg8 {[%clk
00:01:44]} {[%emt 00:00:01]} 16. O-O-O {[%clk 00:03:11]} {[%emt 00:00:13]} Bb7
{[%clk 00:01:43]} {[%emt 00:00:03]} 17. h4 {[%clk 00:03:08]} {[%emt 00:00:05]}
e5 {[%clk 00:01:40]} {[%emt 00:00:05]} 18. fxe5 {[%clk 00:02:33]} {[%emt
00:00:37]} Nxe5 {[%clk 00:01:36]} {[%emt 00:00:06]} 19. Nf4 {[%clk 00:02:07]}
{[%emt 00:00:28]} Bc8 {[%clk 00:01:09]} {[%emt 00:00:29]} 20. Ne4 {[%clk
00:02:03]} {[%emt 00:00:06]} Ne8 {[%clk 00:01:09]} {[%emt 00:00:02]} 21. h5
{[%clk 00:01:59]} {[%emt 00:00:07]} Bf5 {[%clk 00:01:10]} {[%emt 00:00:01]} 22.
hxg6 {[%clk 00:01:41]} {[%emt 00:00:19]} Bxg6 {[%clk 00:00:27]} {[%emt
00:00:44]} 23. Nh5 {[%clk 00:00:49]} {[%emt 00:00:54]} Rc8 {[%emt 00:00:11]} 24.
Kb1 {[%clk 00:00:33]} {[%emt 00:00:07]} Rc4 {[%clk 00:00:17]} {[%emt 00:00:15]}
25. Qe3 {[%clk 00:00:22]} {[%emt 00:00:12]} f5 {[%clk 00:00:17]} {[%emt
00:00:03]} 26. gxf6 {[%clk 00:00:14]} {[%emt 00:00:10]} Nxf6 {[%clk 00:00:14]}
{[%emt 00:00:05]} 27. Nhxf6+ {[%clk 00:00:12]} {[%emt 00:00:04]} Rxf6 {[%clk
00:00:15]} {[%emt 00:00:01]} 28. Nxf6+ {[%clk 00:00:11]} {[%emt 00:00:03]} Qxf6
{[%clk 00:00:16]} {[%emt 00:00:01]} 29. Rdf1 {[%clk 00:00:10]} {[%emt
00:00:02]} Qe7 {[%clk 00:00:11]} {[%emt 00:00:08]} 30. Bh3 {[%clk 00:00:09]}
{[%emt 00:00:03]} Rxc2 {[%clk 00:00:08]} {[%emt 00:00:05]} 31. Ka1 {[%clk
00:00:09]} {[%emt 00:00:02]} Rxb2 {[%clk 00:00:04]} {[%emt 00:00:06]} 32. Be6+
{[%clk 00:00:08]} {[%emt 00:00:03]} Kh8 {[%clk 00:00:06]} 33. Qh6 {[%clk
00:00:07]} {[%emt 00:00:03]} Nf7 {[%clk 00:00:03]} {[%emt 00:00:04]} 34. Rxf7
{[%clk 00:00:06]} {[%emt 00:00:03]} 1-0